Los amores de mi antepasado: apuntes de una crónica de familia
Guardat en:
| Autor principal: | |
|---|---|
| Format: | Llibre |
| Idioma: | espanyol |
| Publicat: |
Santiago
Zig-Zag
1948
|
| Col·lecció: | Biblioteca Zig-Zag. Serie Roja, 70
|
| Matèries: | |
| Etiquetes: |
Afegir etiqueta
Sense etiquetes, Sigues el primer a etiquetar aquest registre!
|
MARC
| LEADER | 00000nam a2200000 a 4500 | ||
|---|---|---|---|
| 001 | UCZ4040 | ||
| 003 | CL-VaPUC | ||
| 008 | 951106e19480000CL |||||||||||||||||spa|d | ||
| 082 | 0 | 4 | |a 894.511 |b LAJ |2 21 |
| 100 | |a Zilahy, Lajos |e author |9 550957 | ||
| 245 | 1 | 4 | |a Los amores de mi antepasado: apuntes de una crónica de familia |
| 300 | |a 136 p | ||
| 942 | |c BK | ||
| 945 | |d 19951106 00:00:00 |a rbrito | ||
| 260 | |a Santiago |b Zig-Zag |c 1948 | ||
| 650 | 7 | |a NOVELAS HUNGARAS |2 CL-VaPUC |9 318881 | |
| 583 | |a last modification |c 19951106 00:00:00 |k Rodrigo Vera | ||
| 490 | 0 | |a Biblioteca Zig-Zag. Serie Roja, 70 | |
| 999 | |c 240478 |d 240476 | ||
| 952 | |0 0 |1 0 |4 0 |6 894_511000000000000_LAJ_1948 |7 0 |8 A |9 252363 |a BIBEDU |b BIBEDU |d 2019-11-18 |i 3144259 |o 894.511 LAJ 1948 |p 3144259 |r 2019-11-18 |w 2019-11-18 |y BK |k LIT | ||